000 00658nam a2200229 a 4500
001 31813
003 BD-RjUL
005 20211209051743.0
008 140422t1956 us 001 0 eng d
035 _a(BD-RjUL)31901
035 _a(OCoLC)37622757
040 _aDLC
_beng
_cDLC
_dNAL 1956
041 _aeng
082 0 4 _a500
_bNAL 1956
100 1 _aNagel, Ernest,
_d1901-1985.
_95691
245 1 0 _aLogic without metaphysics :
_band other essays in the philosophy of science /
_cby Ernest Nagel
260 _aGlencoe :
_bFree Press,
_cc1956.
300 _axviii, 433 p. ;
_c21 cm
504 _aincludes index.
650 0 _aLogic
_996844
942 _2ddc
_cBK
999 _c31813
_d31813